Mystery Taylor Swift Song #3 - Statistics

General Stats
  • This quiz has been taken 600 times
    338 since last reset
  • The average score is 210 of 305
Answer Stats
Answer % Correct
I
99%
I,
99%
you
97%
You
97%
the
94%
me,
91%
me
91%
we
89%
We
89%
on
88%
be
87%
"no"
87%
And
86%
and
86%
in
86%
In
86%
it
86%
It
86%
to
86%
your
86%
my
81%
so?
81%
of
80%
were
80%
if
77%
If
77%
I'm
77%
one
76%
you're
76%
don't
75%
dont
75%
think
74%
Would
74%
Been
73%
been
73%
have
73%
are
72%
But
71%
all
70%
know
70%
know,
70%
it's
69%
its
69%
never
69%
some
69%
at
67%
would've
67%
wouldve
67%
"yes"
67%
her
66%
time
66%
didn't
65%
now
65%
shit
65%
good
64%
new
64%
saw
64%
had
63%
something
63%
this
63%
doing
62%
For
62%
saying
62%
though
62%
instead
60%
should've
59%
fun
58%
stop,
57%
thought
57%
bus
56%
made
56%
up
56%
came
55%
pennies
55%
pool
55%
true
55%
well
55%
thing
54%
greatest
53%
night
53%
really
53%
take
53%
wanted
53%
wishes
53%
alone
52%
gonna
52%
tossing
52%
by
51%
home
51%
none
51%
dream
50%
over
50%
baby
49%
defense,
49%
everything
49%
films
49%
loves
49%
could've
48%
grow
48%
with
48%
meet
47%
woman
47%
bleed
46%
internet
46%
Roaring
46%
showed
46%
alright
45%
day
45%
different
45%
cool
44%
own
44%
ask
43%
leaving
43%
running
43%
Sunday
43%
each
42%
enough
42%
hit
42%
guess
41%
adventures
40%
another
39%
count
39%
ground
39%
resist
39%
sweet
39%
today?
39%
Having
38%
making
38%
matinee
38%
numbers,
38%
family
37%
persist
37%
20s
36%
temptation
36%
waking
35%
painted
34%
chosen
32%
digging
25%
grave
25%
Rose
24%
flowing
22%
No matching quizzes found
Score Distribution
Percent of People with Each Score
Percentile by Number Answered
Your Score History
You have not taken this quiz since the last reset